[Event "AUTO-ADV-1006"]
[Site "http://www.queenalice.com/game.php?id=449439"]
[Date "2008.8.16"]
[Round "1"]
[White "miguel7"]
[Black "rwcm"]
[Result "1-0"]
[WhiteElo "1775"]
[BlackElo "1709"]

1. e4 e5 2. Nf3 d6 3. Bc4 a6 4. Nc3 b5 5. Bb3 b4 6. Nd5 a5 7. O-O Bb7 8. a3 c6
9. Ne3 Nf6 10. Ng5 d5 11. axb4 Bxb4 12. c3 Be7 13. f3 Bc8 14. d3 Nh5 15. Nxf7
Kxf7 16. exd5 cxd5 17. Bxd5+ Ke8 18. Bxa8 Bd7 19. Nd5 Na6 20. Bb7 Nc5 21. Nxe7
Qxe7 22. Be4 Nxe4 23. fxe4 Nf6 24. Bg5 Rf8 25. Bxf6 Rxf6 26. Rxa5 h6 27. Ra8+
Kf7 28. Qh5+ g6 29. Rxf6+ Qxf6 30. Qxh6 Qd6 31. Qh7+ Kf6 32. h4 Bg4 33. Rg8 Bh5
34. Qg7+ Ke6 35. Re8+ Qe7 36. Qxe7# 1-0

[Event "Challenge"]
[Site "http://www.queenalice.com/game.php?id=451095"]
[Date "2008.8.20"]
[Round "-"]
[White "Nefelibatas"]
[Black "rwcm"]
[Result "0-1"]
[WhiteElo "1464"]
[BlackElo "1711"]

1. d4 c6 2. e4 d5 3. e5 e6 4. Nf3 c5 5. c4 Nc6 6. Be3 dxc4 7. Bxc4 cxd4 8. Nxd4
Nxe5 9. Bb5+ Bd7 10. a4 Qa5+ 11. Bd2 Bb4 12. O-O Nf6 13. Nb3 Qc7 14. Bxb4 Bxb5
15. axb5 Qb6 16. Qe2 Ned7 17. Bc3 O-O 18. Bxf6 Nxf6 19. Nc3 a6 20. Rfd1 h6 21.
Qe3 Qc7 22. b6 Qc6 23. Na5 Qc8 24. Rac1 Qb8 25. Ne4 Ng4 26. Qe2 Qxh2+ 27. Kf1
Qh1# 0-1

[Event "AUTO-ADV-1006"]
[Site "http://www.queenalice.com/game.php?id=510049"]
[Date "2008.12.19"]
[Round "2"]
[White "BOSQUES"]
[Black "rwcm"]
[Result "0-1"]
[WhiteElo "1637"]
[BlackElo "1752"]

1. d4 e6 2. e4 Nc6 3. Nf3 Nf6 4. Bd3 b6 5. Bg5 Be7 6. h3 h6 7. Bxf6 Bxf6 8. e5
Bg5 9. Nbd2 Bb7 10. Be4 O-O 11. b4 d5 12. Nxg5 dxe4 13. Ngxe4 Nxb4 14. f3 Qxd4
15. Rc1 Qxe5 16. a3 Nd5 17. Qe2 Nf4 18. Qf2 f5 19. g3 Ng6 20. Nc4 Qd5 21. Ned2
Ne5 22. Ne3 Qa5 23. O-O Qxa3 24. Nec4 Nxc4 25. Nxc4 Qc3 26. Qe2 Bd5 27. Ne5 a5
28. Kg2 a4 29. Rcd1 a3 30. Ng6 Bc4 31. Qe5 Bxf1+ 32. Kxf1 Qxf3+ 33. Ke1 Rf7 34.
Nh4 Qe4+ 35. Qxe4 fxe4 36. Ng6 a2 37. Ne5 Rf5 0-1

[Event "AUTO-ADV-1006"]
[Site "http://www.queenalice.com/game.php?id=510050"]
[Date "2008.12.19"]
[Round "2"]
[White "rwcm"]
[Black "BOSQUES"]
[Result "1-0"]
[WhiteElo "1781"]
[BlackElo "1619"]

1. e4 e5 2. Nf3 Nc6 3. Bb5 f6 4. O-O Bc5 5. c3 Nge7 6. Qe2 a6 7. Bxc6 dxc6 8.
Qc4 Bd6 9. d4 b5 10. Qb3 exd4 11. Nxd4 Qd7 12. Nf3 Qe6 13. Qxe6 Bxe6 14. Be3 O-O
15. Nd4 Bc4 16. Re1 c5 17. Nf3 a5 18. Nbd2 Be6 19. Re2 g5 20. Nf1 h5 21. h3 Rad8
22. Bd2 Ng6 23. b3 g4 24. hxg4 Bxg4 25. N1h2 Bxh2+ 26. Kxh2 Rfe8 27. Rae1 Ne5
28. Rg1 Kf7 29. Nxe5+ Rxe5 30. f3 Be6 31. Bf4 Bxb3 32. Bxe5 fxe5 33. axb3 Kg6
34. Ra1 Rd3 35. Rxa5 Rxc3 36. Rxb5 Kg5 37. Rd2 c6 38. Rb6 Kf4 39. Rxc6 Rxb3 40.
Rxc5 Ke3 41. Ra2 Kf4 42. Raa5 Ke3 43. Rxe5 Kf2 44. Rxh5 Rb1 45. Ra2+ Ke3 46. Kg3
1-0

[Event "AUTO-ADV-1006"]
[Site "http://www.queenalice.com/game.php?id=510053"]
[Date "2008.12.19"]
[Round "2"]
[White "miguel7"]
[Black "rwcm"]
[Result "0-1"]
[WhiteElo "1802"]
[BlackElo "1763"]

1. e4 e5 2. Nf3 d6 3. d4 exd4 4. Nxd4 c5 5. Nf3 Nf6 6. Ng5 h6 7. Nxf7 Kxf7 8. e5
Qe7 9. Bc4+ Ke8 10. O-O dxe5 11. Nc3 Bd7 12. Re1 Nc6 13. f4 Rd8 14. fxe5 Bg4 15.
exf6 Rxd1 16. fxe7 Rxe1+ 17. Kf2 Rxe7 18. Be3 Be6 19. Bd3 Ne5 20. Bxc5 Rf7+ 21.
Kg3 Bxc5 22. Re1 Bd6 23. Ne4 Ke7 24. Nxd6 Kxd6 25. Be4 Rc8 26. Rd1+ Kc7 27. b3
Kb8 28. Rd6 Rc3+ 29. Kh4 Rf4+ 0-1

[Event "AUTO-ADV-1006"]
[Site "http://www.queenalice.com/game.php?id=510054"]
[Date "2008.12.19"]
[Round "2"]
[White "rwcm"]
[Black "miguel7"]
[Result "1-0"]
[WhiteElo "1779"]
[BlackElo "1796"]

1. c4 c5 2. e3 Nc6 3. Qh5 e5 4. b3 Nf6 5. Qg5 h6 6. Qf5 d5 7. Qd3 e4 8. Qc2 Nb4
9. Qc3 d4 10. exd4 cxd4 11. Qb2 d3 12. Na3 Bd6 13. Qd4 Nc6 14. Qe3 Be5 15. Rb1
Bd4 16. Qg3 Nh5 17. Qe3 Bxe3 18. dxe3 Nb4 19. Bd2 a5 20. Rb2 Qf6 21. Rb1 Nxa2
22. Nb5 a4 23. Nc7+ Kd8 24. Nxa8 axb3 25. Ba5+ Kd7 26. Nb6+ Kd6 27. Nd5 Qe6 28.
Rxb3 Qe5 29. Bc7+ Kc5 30. Bxe5 Kxc4 31. Ra3 Kxd5 32. Bd4 Be6 33. Rxa2 Kd6 34. g3
Bxa2 35. Nh3 Rc8 36. Bxd3 Rc1+ 37. Kd2 Rxh1 38. Bxe4 Rxh2 39. Nf4 Nxf4 40. exf4
b5 41. Bxg7 Rxf2+ 42. Ke3 Rh2 43. Bd3 Rh3 44. Bf8+ Kc6 45. Kf3 h5 46. Kg2 Be6
47. f5 Bc4 48. Bxc4 Rxg3+ 49. Kxg3 bxc4 50. Kh4 c3 51. Kxh5 c2 52. Ba3 Kd5 53.
Kg5 Ke4 54. Bb2 Kd3 55. Kf6 Ke4 56. Bc1 1-0

[Event "AUTO-ADV-1006"]
[Site "http://www.queenalice.com/game.php?id=510057"]
[Date "2008.12.19"]
[Round "2"]
[White "rwcm"]
[Black "kasparinov"]
[Result "0-1"]
[WhiteElo "1796"]
[BlackElo "1877"]

1. Nf3 d5 2. e3 e6 3. c4 c6 4. Nc3 Nf6 5. d4 Be7 6. c5 O-O 7. Be2 Nbd7 8. O-O
Qc7 9. Bd3 h6 10. b4 b6 11. a3 bxc5 12. dxc5 a5 13. Bb2 axb4 14. axb4 Bb7 15.
Re1 Rxa1 16. Bxa1 Ra8 17. e4 dxe4 18. Nxe4 Nd5 19. Qd2 Ba6 20. Bc2 Bb5 21. Qd4
N7f6 22. Nc3 Nxc3 23. Bxc3 Rd8 24. Qe5 Qxe5 25. Nxe5 Nd5 26. Bd2 Bf6 27. Ng4 Bb2
28. Rb1 Ba3 29. h3 Nc7 30. Bc3 Bc4 31. Ne3 Bd5 32. Bd1 Nb5 33. Be1 Be4 34. Bc2
Bxc2 35. Nxc2 Rd3 36. Kf1 e5 37. Ke2 e4 38. f3 f5 39. fxe4 fxe4 40. Nxa3 Rxa3
41. Rc1 Rd3 42. Rc4 Nd4+ 43. Kf1 e3 44. Rc3 e2+ 45. Kf2 Rd1 46. Re3 Kf7 47. Re4
Rd3 48. Bc3 Nc2 49. Kxe2 Rxc3 50. Kd2 Rg3 51. Kxc2 Rxg2+ 52. Kc3 Rg3+ 53. Kc4
Rxh3 54. b5 cxb5+ 55. Kxb5 g5 56. c6 Rc3 57. Kb6 Rb3+ 58. Ka7 Rc3 59. Kb7 Rb3+
0-1

[Event "AUTO-ADV-1006"]
[Site "http://www.queenalice.com/game.php?id=510058"]
[Date "2008.12.19"]
[Round "2"]
[White "kasparinov"]
[Black "rwcm"]
[Result "1-0"]
[WhiteElo "1882"]
[BlackElo "1791"]

1. e4 c5 2. d4 e6 3. d5 Qb6 4. c4 Nf6 5. Nc3 Qa5 6. Bd3 e5 7. Nf3 d6 8. h3 Be7
9. Qb3 Na6 10. a3 Nh5 11. O-O O-O 12. Nb5 f5 13. Bd2 Qb6 14. exf5 Nc7 15. a4
Nxb5 16. axb5 Bxf5 17. Ba5 Qxa5 18. Rxa5 b6 19. Bxf5 bxa5 20. Be6+ Kh8 21. Qa3
Bd8 22. g3 Be7 23. Nd2 a6 24. b6 Rfb8 25. Qb3 Bd8 26. b7 Ra7 27. Bc8 h6 28. Ne4
Bc7 29. Qa4 Kh7 30. Qc6 1-0

[Event "Challenge"]
[Site "http://www.queenalice.com/game.php?id=560874"]
[Date "2009.3.24"]
[Round "-"]
[White "Magico"]
[Black "rwcm"]
[Result "0-1"]
[WhiteElo "1511"]
[BlackElo "1791"]

1. d4 e6 2. c3 Nc6 3. Nf3 b6 4. Nbd2 Nf6 5. e3 Be7 6. Bb5 Bb7 7. Bxc6 Bxc6 8.
O-O O-O 9. Ng5 Nd5 10. Qf3 Bxg5 11. Ne4 Nf6 12. Qg4 Nxe4 13. f3 Nf6 14. Qxg5 Nd5
15. Qg3 Qf6 16. c4 Nb4 17. b3 d6 18. a3 Na6 19. a4 d5 20. cxd5 exd5 21. Ba3 Rfe8
22. Rfe1 Bb7 23. b4 Rac8 24. b5 Nb8 25. Bb4 a6 26. bxa6 Bxa6 0-1

[Event "Challenge"]
[Site "http://www.queenalice.com/game.php?id=565462"]
[Date "2009.4.2"]
[Round "-"]
[White "rwcm"]
[Black "Hortelino"]
[Result "0-1"]
[WhiteElo "1796"]
[BlackElo "2078"]

1. c4 e6 2. Nc3 d5 3. cxd5 exd5 4. d4 Nf6 5. Nf3 Be7 6. e3 O-O 7. Be2 c6 8. O-O
Re8 9. a3 Bd6 10. Qc2 Nbd7 11. Bd3 Qe7 12. Ng5 Bxh2+ 13. Kh1 Bd6 14. e4 dxe4 15.
Ncxe4 Nxe4 16. Bxe4 h6 17. Bh7+ Kh8 18. Nf3 Nf6 19. Bf5 Bxf5 20. Qxf5 Qe6 21.
Qd3 Qe2 22. Qxe2 Rxe2 23. b4 Nd5 24. Rb1 a6 25. Bb2 Rae8 26. Ba1 Ra2 27. Rb3
Ree2 28. Kg1 g5 29. Bc3 Kg7 30. Ne1 Nxc3 31. Rxc3 g4 32. f3 Bg3 33. fxg4 Bxe1
34. Rf5 Bxc3 0-1

[Event "AUTO-ADV-1464"]
[Site "http://www.queenalice.com/game.php?id=647780"]
[Date "2009.9.5"]
[Round "1"]
[White "luizpessoa"]
[Black "rwcm"]
[Result "0-1"]
[WhiteElo "1756"]
[BlackElo "1850"]

1. c4 b6 2. e4 Bb7 3. d3 e6 4. Nf3 d5 5. cxd5 exd5 6. e5 d4 7. Qa4+ Nc6 8. Na3
Bxa3 9. bxa3 Qd7 10. Bf4 O-O-O 11. g3 Nxe5 12. Qxd7+ Nxd7 13. Rc1 Re8+ 14. Be2
Nc5 15. Kf1 h6 16. Rg1 g5 17. Nxd4 gxf4 18. gxf4 Rd8 19. Nf5 Nxd3 20. Rc3 Nxf4
21. Ke1 Re8 22. Re3 Rxe3 23. fxe3 Nxe2 24. Kxe2 Kb8 25. Rd1 Nf6 26. Rd4 h5 27.
Ng3 Ng4 28. h3 Nf6 29. Rf4 Nd5 30. Rxf7 Re8 31. Rd7 Rxe3+ 32. Kf2 Re8 33. Nxh5
Rf8+ 34. Ke2 Nf4+ 35. Nxf4 Rxf4 36. Rd3 Ba6 37. Ke3 Rh4 38. Rd8+ Kb7 39. Rd4
Rxh3+ 40. Kd2 Rxa3 41. Kc2 Rxa2+ 42. Kb3 Re2 43. Ka4 Rb2 44. Ka3 Re2 45. Ka4 Kc6
46. Rf4 Bb5+ 47. Kb4 a5+ 48. Ka3 Ba6 49. Kb3 b5 50. Rf6+ Kb7 51. Rg6 a4+ 52. Kb4
c6 53. Rg7+ Kb6 54. Rg8 c5+ 55. Ka3 Re3+ 56. Kb2 a3+ 57. Ka2 Ka5 58. Rg4 b4 59.
Rg5 Bc4+ 60. Kb1 a2+ 61. Kb2 Re2+ 62. Ka1 Re1+ 63. Kb2 a1=Q+ 64. Kc2 Qc1# 0-1

[Event "AUTO-ADV-1464"]
[Site "http://www.queenalice.com/game.php?id=647781"]
[Date "2009.9.5"]
[Round "1"]
[White "rwcm"]
[Black "luizpessoa"]
[Result "1-0"]
[WhiteElo "1790"]
[BlackElo "1766"]

1. e4 c5 2. Nf3 a6 3. b3 d6 4. Bb2 e5 5. Be2 Bg4 6. d3 Nc6 7. Nbd2 Nf6 8. c3 Be7
9. d4 cxd4 10. cxd4 exd4 11. Nxd4 Bxe2 12. Qxe2 O-O 13. Nf5 Ne5 14. O-O g6 15.
Nxe7+ Qxe7 16. Nf3 Nxf3+ 17. Qxf3 Qxe4 18. Qxf6 Qe5 19. Bxe5 dxe5 20. Qxe5 b5
21. Rac1 Rae8 22. Qd6 Re6 23. Qd7 Rfe8 24. Rc7 Re1 25. Qxf7+ Kh8 26. Qg7# 1-0

[Event "AUTO-ADV-1464"]
[Site "http://www.queenalice.com/game.php?id=647796"]
[Date "2009.9.5"]
[Round "1"]
[White "degrau"]
[Black "rwcm"]
[Result "0-1"]
[WhiteElo "1885"]
[BlackElo "1832"]

1. d4 Nf6 2. Bf4 d5 3. Nc3 e6 4. a3 Nc6 5. Nb5 Bd6 6. Nxd6+ cxd6 7. Nf3 O-O 8.
e3 Ne4 9. c3 Qf6 10. Qc2 Re8 11. Bd3 e5 12. dxe5 dxe5 13. Bxe4 dxe4 14. Qxe4 Bf5
15. Bg5 Bxe4 16. Bxf6 Bxf3 17. Bxg7 Bxg2 18. Rg1 Kxg7 19. Rxg2+ Kh8 20. O-O-O
Rad8 21. Rdg1 Rg8 22. Rxg8+ Rxg8 23. Rxg8+ Kxg8 24. Kd2 f6 25. Kd3 Na5 26. b4
Nc6 27. a4 Kf7 28. Kc4 Ke7 29. Kd5 Kd7 30. Ke4 Ke6 31. Kd3 Kd5 32. c4+ Ke6 33.
Kc3 e4 34. b5 Na5 35. Kb4 b6 36. c5 Kd5 37. c6 Kd6 38. h3 h6 39. h4 h5 40. Kc3
f5 41. Kd4 Nb3+ 42. Kc3 Nc5 43. Kd4 Nxa4 44. c7 Kxc7 45. Ke5 Nc3 46. Kxf5 Nxb5
47. Kxe4 a5 48. f4 a4 49. f5 a3 50. f6 a2 51. f7 Nd6+ 52. Kf4 Nxf7 0-1

[Event "AUTO-ADV-1464"]
[Site "http://www.queenalice.com/game.php?id=647797"]
[Date "2009.9.5"]
[Round "1"]
[White "rwcm"]
[Black "degrau"]
[Result "1-0"]
[WhiteElo "1813"]
[BlackElo "1885"]

1. c4 d5 2. c5 d4 3. Qa4+ Nc6 4. b4 Qd7 5. Nf3 Qd5 6. b5 Nd8 7. Qxd4 e6 8. Bb2
Nf6 9. Qxd5 Nxd5 10. e3 Nb4 11. Na3 Bxc5 12. Bxg7 Rg8 13. Bf6 Nd5 14. Bxd8 Bxa3
15. Bh4 Nb4 16. Rb1 Nc2+ 17. Kd1 Nb4 18. Rb3 a5 19. Rxa3 Bd7 20. Ne5 Bc8 21. g3
Nd5 22. Bg2 f6 23. Bxd5 exd5 24. Nd3 Bg4+ 25. Ke1 Bf3 26. Rg1 f5 27. Ne5 Bh5 28.
d4 h6 29. Kd2 Rh8 30. Rc1 Rh7 31. Rc5 Bf7 32. Rxc7 b6 33. Re7+ Kf8 34. Nd7+ Kg8
35. Nf6+ Kg7 36. Nxh7 Kxh7 37. Rxf7+ Kg8 38. Rxf5 Kh7 39. Rxd5 1-0

[Event "AUTO-ADV-1464"]
[Site "http://www.queenalice.com/game.php?id=647806"]
[Date "2009.9.5"]
[Round "1"]
[White "chesspool"]
[Black "rwcm"]
[Result "0-1"]
[WhiteElo "1611"]
[BlackElo "1805"]

1. d4 Nf6 2. c4 e6 3. Nc3 Be7 4. Bg5 b6 5. Nf3 Bb7 6. e3 Nc6 7. Bd3 a5 8. a4 Nb4
9. O-O Nxd3 10. Qxd3 Bxf3 11. gxf3 O-O 12. e4 d6 13. f4 Ng4 14. Bxe7 Qxe7 15. h3
Nh6 16. Kh1 Qf6 17. Qe3 Qh4 18. Nb5 Rfc8 19. Rg1 f5 20. exf5 exf5 21. Qg3 Qxg3
22. fxg3 c6 23. Nxd6 Rd8 24. c5 bxc5 25. dxc5 Rab8 26. Rab1 Rb3 27. Nb7 Rxb7 0-1

[Event "AUTO-ADV-1464"]
[Site "http://www.queenalice.com/game.php?id=647807"]
[Date "2009.9.5"]
[Round "1"]
[White "rwcm"]
[Black "chesspool"]
[Result "1-0"]
[WhiteElo "1783"]
[BlackElo "1564"]

1. e4 Nf6 2. e5 Nd5 3. Bc4 Nb6 4. Bb3 e6 5. Nf3 Be7 6. d4 O-O 7. O-O d6 8. Be3
Nc6 9. exd6 Bxd6 10. c4 Bd7 11. c5 Bxh2+ 12. Nxh2 Nd5 13. Bxd5 exd5 14. Nc3 b6
15. Nxd5 Be6 16. Nf4 Re8 17. d5 1-0

[Event "Challenge"]
[Site "http://www.queenalice.com/game.php?id=662606"]
[Date "2009.10.4"]
[Round "-"]
[White "Hortelino"]
[Black "rwcm"]
[Result "1-0"]
[WhiteElo "2128"]
[BlackElo "1862"]

1. d4 d5 2. c4 dxc4 3. e3 e6 4. Bxc4 a6 5. Nf3 b5 6. Bd3 Nf6 7. O-O Be7 8. Bd2
O-O 9. b4 Bb7 10. Bc3 Nc6 11. a3 Rb8 12. Qc2 h6 13. Nbd2 Nd5 14. Nb3 Na7 15.
Rac1 Nxc3 16. Qxc3 Bxf3 17. gxf3 Bd6 18. f4 Nc8 19. Kh1 Ne7 20. Nc5 Nd5 21. Qc2
Rb6 22. Rg1 Nf6 23. Rg2 Bxc5 24. Qxc5 Rb7 25. Rcg1 Ne8 26. Be4 c6 27. Qxc6 Rb6
28. Qc5 f5 29. Bc6 Nf6 30. Rxg7+ Kh8 31. R7g6 Ng4 32. R1xg4 fxg4 33. Qe5+ Rf6
34. Be4 Qe7 35. Rxf6 Kg8 36. Rg6+ 1-0

[Event "AUTO-ADV-1464"]
[Site "http://www.queenalice.com/game.php?id=713593"]
[Date "2010.1.14"]
[Round "2"]
[White "rwcm"]
[Black "Kuarwaki"]
[Result "0-1"]
[WhiteElo "1855"]
[BlackElo "2303"]

1. Nf3 Nf6 2. e3 d5 3. d4 e6 4. Be2 Bd6 5. a3 O-O 6. b4 a5 7. b5 Nbd7 8. a4 e5
9. dxe5 Nxe5 10. Nbd2 Nxf3+ 11. Bxf3 Be5 12. Rb1 Qd6 13. g3 Bh3 14. Bb2 Rfe8 15.
Bxe5 Qxe5 16. Nb3 Rad8 17. Qd4 Qf5 18. Qd1 d4 19. Nxd4 Rxd4 20. Qe2 Nd5 21. Bxd5
Qxd5 22. f3 Qc5 23. Kf2 Rxe3 24. Kxe3 Rd1+ 25. Kf4 g5+ 26. Ke4 Bf5# 0-1

[Event "AUTO-ADV-1464"]
[Site "http://www.queenalice.com/game.php?id=713594"]
[Date "2010.1.14"]
[Round "2"]
[White "Kuarwaki"]
[Black "rwcm"]
[Result "1-0"]
[WhiteElo "2307"]
[BlackElo "1857"]

1. d4 b6 2. e4 Bb7 3. Bd3 Nf6 4. Qe2 d6 5. Nf3 e6 6. O-O Be7 7. e5 dxe5 8. dxe5
Nd5 9. a3 c5 10. Rd1 Qc7 11. c4 Nf4 12. Bxf4 Nd7 13. Nc3 a6 14. Qe3 O-O-O 15.
Be4 h6 16. Bg3 g5 17. Nd5 Bxd5 18. cxd5 Qa7 19. Qb3 exd5 20. Qxd5 f5 21. Qc6+
Qc7 22. Qa8+ Nb8 23. Bxf5+ 1-0